000
nam a22 7a 4500
999
_c
232550
_d
232550
003
ASAB
005
20170220162353.0
008
170220b xxu||||| |||| 00| 0 eng d
040
_c
ASAB
082
_a
660.6 GiL
245
_a
Advances in biotehcnology
_c
P.R. Gilbert
942
_2
ddc
_c
BK